Ιωάννης ο Χρυσόστομος

Αποθηκεύτηκε σε:
Λεπτομέρειες βιβλιογραφικής εγγραφής
Κύριος συγγραφέας: Θεοδωροπούλου, Έλενα Κ.
Μορφή: Βιβλίο
Γλώσσα:Greek
Δημοσίευση: Αθήνα : [χ.ό.], 2000.
Σειρά:Κείμενα παιδείας (Ατραπός) 2
Θέματα:
Ετικέτες: Προσθήκη ετικέτας
Δεν υπάρχουν, Καταχωρήστε ετικέτα πρώτοι!

MARC

LEADER 00000cam a2200000 i 4500
001 1/19354
008 010423s2000 gr | ||| |||| ||gre||
020 |a 9608077052 
035 |l 10066823 
040 |a GR-MY-UA  |b gre  |e aacr 
041 0 |a gre 
082 7 |a 268.432   |2 (22) 
100 1 |a Θεοδωροπούλου, Έλενα Κ. 
245 1 0 |a Ιωάννης ο Χρυσόστομος /   |c Έλενα Θεοδωροπούλου ; πρόλογος: Μαρία Καϊλα. 
260 |a Αθήνα :   |b [χ.ό.],   |c 2000. 
300 |a 180 σ. ;   |c 21 εκ.  
490 1 |a (Κείμενα παιδείας / Ατραπός ;   |v 2) 
600 0 0 |a Ιωάννης ο Χρυσόστομος,   |d π. 354-407. 
650 0 0 |a Christian education of children  |x Early works to 1800. 
650 0 0 |a Pride and vanity. 
650 0 0 |a Fathers of the church. 
830 0 |a Κείμενα παιδείας (Ατραπός)  |v 2 
852 |a INST  |b RHODES  |e 20010423  |h 268.432 ΘΕΟ  |p 005400017175  |q 005400017175  |t BK  |y 0 
852 |a INST  |b RHODES  |e 20030605  |h 268.432 ΘΕΟ  |p 005400020324  |q 005400020324  |t BK  |y 0 
901 |a BIBL4-2001-1 
909 |a Ρ  |b 084865 
909 |a Ρ  |b 104859 
970 |a ΚΟΥΛΑΚΙΟΤΗ  |b ΛΙΤΣΑ  |z 2001/04/23